000 00371nam a22001457a 4500
082 _aP-310
100 _aMuhammad Anwar
_948069
245 _aAnalysis of Fly Over Using AASHTO Specifications of 1992
260 _aRisalpur Cantt
_bMCE
300 _aP 131
526 _a0
_b0
_c0
_dP_310
650 _aProject
700 _aAwais Jamil Chaudhry
_948070
942 _2ddc
_cBK
999 _c551139
_d551139